[Event "Kecskemet Caissa Rating 02"]
[Site "Kecskemet"]
[Date "2013.02.20"]
[Round "5"]
[White "Zsiros, Laszlo"]
[Black "Lovas, Daniel"]
[Result "0-1"]
[WhiteElo "1867"]
[BlackElo "2134"]
[PlyCount "66"]
[EventDate "2013.02.16"]
[EventType "tourn"]
[EventRounds "10"]
[EventCountry "HUN"]
[SourceTitle "CBM 153 Extra"]
[Source "ChessBase"]
[SourceDate "2013.04.22"]
[SourceVersion "1"]
[SourceVersionDate "2013.04.22"]
[SourceQuality "1"]

1. e4 e5 2. Nf3 d6 3. Nc3 Bg4 4. Be2 Nf6 5. d3 Be7 6. 0-0 0-0 7. Be3 c6 8. Ne1 Bxe2 9. Qxe2 Nbd7 10. f4 exf4 11. Bxf4 Ne5 12. Bxe5 dxe5 13. Nf3 Qc7 14. a4 b6 15. Rae1 Bc5+ 16. Kh1 a5 17. h3 Nh5 18. Kh2 Nf4 19. Qd1 Rae8 20. Ne2 Ne6 21. Nh4 g6 22. Rf6 Be7 23. Rxe6 fxe6 24. Nf3 Rf7 25. Rf1 Ref8 26. c3 Rd8 27. Qc2 Qd6 28. Rd1 b5 29. axb5 cxb5 30. Kh1 a4 31. Qb1 Bf6 32. d4 exd4 33. Nexd4 e5 0-1

[Event "HUN-chT2 Toth 1213"]
[Site "Hungary"]
[Date "2012.11.18"]
[Round "4.8"]
[White "Hajdu, Istvan"]
[Black "Lovas, Daniel"]
[Result "1/2-1/2"]
[WhiteElo "2113"]
[BlackElo "2134"]
[PlyCount "90"]
[EventDate "2012.09.16"]
[EventType "team-tourn"]
[EventRounds "11"]
[EventCountry "HUN"]
[SourceTitle "EXT 2014"]
[Source "ChessBase"]
[SourceDate "2013.11.20"]
[SourceVersion "1"]
[SourceVersionDate "2013.11.20"]
[SourceQuality "1"]
[WhiteTeam "Mako II"]
[BlackTeam "Toth Laszlo II"]
[WhiteTeamCountry "HUN"]
[BlackTeamCountry "HUN"]

1. e4 g6 2. d4 Bg7 3. Nc3 d6 4. Nf3 c6 5. Bd3 Qc7 6. 0-0 Nd7 7. Be3 Ngf6 8. h3 0-0 9. Qd2 Re8 10. Rfe1 e5 11. dxe5 dxe5 12. Rad1 Nf8 13. a4 Be6 14. Bh6 Bh8 15. Ng5 Rad8 16. Qe2 Nh5 17. Bc4 Nf4 18. Qf1 Rd4 19. Nxe6 N8xe6 20. Bxe6 Nxe6 21. Be3 Rxd1 22. Rxd1 Nd4 23. Qd3 Rd8 24. Bxd4 Rxd4 25. Qe2 Qa5 26. Rd3 Qb4 27. b3 Qd6 28. Qd1 Bf6 29. Ne2 Rxd3 30. Qxd3 Qxd3 31. cxd3 Kf8 32. f4 exf4 33. Nxf4 Ke7 34. Ne2 Kd6 35. d4 Bd8 36. Kf2 c5 37. Ke3 cxd4+ 38. Kxd4 Bb6+ 39. Kd3 Ke5 40. b4 Bf2 41. b5 b6 42. Nc3 Be1 43. Ne2 Bf2 44. Nc3 Be1 45. Ne2 Bf2 1/2-1/2

[Event "Kecskemet Caissa Rating 03"]
[Site "Kecskemet"]
[Date "2010.04.06"]
[Round "6"]
[White "Zsiros, Laszlo"]
[Black "Lovas, Daniel"]
[Result "1/2-1/2"]
[WhiteElo "2013"]
[BlackElo "2127"]
[PlyCount "26"]
[EventDate "2010.03.31"]
[EventType "tourn"]
[EventRounds "9"]
[EventCountry "HUN"]
[SourceTitle "EXT 2013"]
[Source "ChessBase"]
[SourceDate "2012.11.22"]
[SourceVersion "1"]
[SourceVersionDate "2012.11.22"]
[SourceQuality "1"]

1. d4 d5 2. c4 e6 3. Nc3 Nf6 4. Nf3 Bb4 5. e3 0-0 6. Bd3 c5 7. 0-0 Nc6 8. a3 Bxc3 9. bxc3 cxd4 10. cxd4 b6 11. a4 Ba6 12. cxd5 Bxd3 13. Qxd3 exd5 1/2-1/2

[Event "Kecskemet Caissa Rating 03"]
[Site "Kecskemet"]
[Date "2010.04.04"]
[Round "4"]
[White "Kulmany, Istvan Mihaly"]
[Black "Lovas, Daniel"]
[Result "1/2-1/2"]
[WhiteElo "2007"]
[BlackElo "2127"]
[PlyCount "20"]
[EventDate "2010.03.31"]
[EventType "tourn"]
[EventRounds "9"]
[EventCountry "HUN"]
[SourceTitle "EXT 2013"]
[Source "ChessBase"]
[SourceDate "2012.11.22"]
[SourceVersion "1"]
[SourceVersionDate "2012.11.22"]
[SourceQuality "1"]

1. e4 g6 2. d4 Bg7 3. Nf3 d5 4. Nc3 c6 5. Be2 Nf6 6. 0-0 0-0 7. h3 b5 8. a3 a6 9. Be3 Nbd7 10. Re1 Bb7 1/2-1/2